Crisis management: lessons from the past - a case study of drought situation in Kalahandi (undivided) of Orissa (Record no. 57484)

000 -LEADER
fixed length control field 00476pab a2200169 454500
008 - FIXED-LENGTH DATA ELEMENTS--GENERAL INFORMATION
fixed length control field 180718b2003 xxu||||| |||| 00| 0 eng d
100 ## - MAIN ENTRY--PERSONAL NAME
Personal name Dash, J.
245 ## - TITLE STATEMENT
Title Crisis management: lessons from the past - a case study of drought situation in Kalahandi (undivided) of Orissa
260 ## - PUBLICATION, DISTRIBUTION, ETC.
Date of publication, distribution, etc. 2003
300 ## - PHYSICAL DESCRIPTION
Extent p.123-34.
362 ## - DATES OF PUBLICATION AND/OR SEQUENTIAL DESIGNATION
Dates of publication and/or sequential designation Jan-Jun
650 ## - SUBJECT ADDED ENTRY--TOPICAL TERM
Topical term or geographic name entry element Drought - India - Orissa
650 ## - SUBJECT ADDED ENTRY--TOPICAL TERM
Topical term or geographic name entry element Drought
700 ## - ADDED ENTRY--PERSONAL NAME
Personal name Behura, N.K.
773 ## - HOST ITEM ENTRY
Main entry heading Man in India
909 ## -
-- 57484
Holdings
Withdrawn status Lost status Damaged status Not for loan Permanent Location Current Location Date acquired Serial Enumeration / chronology Barcode Date last seen Price effective from Koha item type
        Indian Institute of Public Administration Indian Institute of Public Administration 2018-07-19 Volume no: 83, Issue no: 1-2 AR57929 2018-07-19 2018-07-19 Articles

Powered by Koha